City of the queen : a novel of colonial Hong Kong (Record no. 129868)

MARC details
000 -LEADER
fixed length control field 00701nam a2200217Ia 4500
008 - FIXED-LENGTH DATA ELEMENTS--GENERAL INFORMATION
fixed length control field 191130s2005##################000#0#eng##
020 ## - INTERNATIONAL STANDARD BOOK NUMBER
ISBN 9780231134576
082 ## - DEWEY DECIMAL CLASSIFICATION NUMBER
Classification number 895.1352 SHI
100 ## - MAIN ENTRY--AUTHOR NAME
Personal name Shi, Shuqing
245 ## - TITLE STATEMENT
Title City of the queen : a novel of colonial Hong Kong
Statement of responsibility, etc Shih Shu-ching ; translated from the Chinese by Sylvia Li-chun Lin and Howard Goldblatt
260 ## - PUBLICATION, DISTRIBUTION, ETC. (IMPRINT)
Place of publication New York
Name of publisher Columbia University Press
Year of publication 2005
300 ## - PHYSICAL DESCRIPTION
Number of Pages 302 p. 18 cm
650 ## - SUBJECT ADDED ENTRY--TOPICAL TERM
Topical Term Hong Kong (China) - Fiction
700 ## - ADDED ENTRY--PERSONAL NAME
Personal name Goldblatt, Howard
Personal name Lin, Sylvia Li-chun
991 ## -
-- 161647
Holdings
Withdrawn status Lost status Damaged status Not for loan Home library Current library Date acquired Full call number Accession Number Price effective from Koha item type
        Anna Centenary Library Anna Centenary Library 12.10.2020 895.1352 SHI 164775 12.10.2020 English Books

Find us on the map